| 000 | 00794nam a2200253 i 4500 | ||
|---|---|---|---|
| 999 |
_c7869 _d7869 |
||
| 001 | 991060888568106706 | ||
| 003 | OSt | ||
| 005 | 20240221143415.0 | ||
| 008 | 221129e202209 spc|||| |||| 0|0 f spa| | ||
| 015 |
_aLL2022 _2bnc |
||
| 017 |
_aDL B 13088-2022 _bBiblioteca de Catalunya |
||
| 020 | _a9788467064353 | ||
| 040 |
_aES-BaBC _bcat _erda _cCDMR |
||
| 080 |
_a821.134.2-31 _x"20" _22004 |
||
| 100 |
_aCarcedo, Diego _94939 |
||
| 245 | 1 | 4 |
_aLos Dos cónsules / _cDiego Carcedo |
| 264 | 1 |
_aBarcelona : _bEspasa, _c 2022 |
|
| 300 |
_a295 pàgines, 8 pàgines de làmines no numerades : _bil·lustracions ; _c23 cm |
||
| 600 | 1 | 7 |
_aPropper de Callejón, Eduardo, _d1895-1972 _2lemac |
| 600 | 1 | 7 |
_aMendes, Aristides de Sousa, _d1885-1954 _2lemac |
| 908 | _aBC | ||
| 940 | _aBC | ||
| 942 |
_2udc _cMON |
||